| 000 | 01372 a2200241 4500 | ||
|---|---|---|---|
| 001 | 45548 | ||
| 005 | 20260407155728.0 | ||
| 008 | 260407a1980 arg spa d | ||
| 003 | AR-UNSa-BCEJYS | ||
| 040 |
_aAR-UNSa-BCEJYS _bspa _cAR-UNSa-BCEJYS |
||
| 080 |
_a342 _xDerecho constitucional (Derecho Público) |
||
| 245 | 1 | 0 | _aInstituciones políticas y derecho constitucional |
| 020 | _a84-344-1796-0 | ||
| 250 | _a6a. ed. | ||
| 264 | 1 |
_aBarcelona : _bAriel _c1980 |
|
| 300 |
_a663 p. _c21 cm. |
||
| 505 | _aPrimera parte : El modelo democrático : 1. El desarrollo del modelo democrático – 2. Los elementos del modelo democrático - - Segunda parte : Las democracias liberales : 1. El contexto social e ideológico de las democracias liberales – 2. Los tipos de democracia liberales - - Tercera parte : Los regímenes autoritarios capitalistas : 1. Las monarquías tradicionales – 2. Las dictaduras capitalistas - - Cuarta parte : Las dictaduras socialistas : 1. El modelo socialista – 2. Los tipos de dictaduras socialistas - - Quinta parte : El régimen político español - - Sexta parte : Los regímenes políticos iberoamericanos. | ||
| 041 | _aspa | ||
| 942 | _cBK | ||
| 590 | _aniveau_biblio:m niveau_hierar:0 | ||
| 100 | 1 | _aDuverger, Maurice | |
| 856 | 4 | 1 |
_uhttps://www.biblioeco.unsa.edu.ar/pmb/images/libros/L53280.jpg _yImagen de portada _qimage/jpeg |
| 999 |
_c3964 _d3964 |
||